000 00731nam a22002297a 4500
003 UA-OsUOA
001 40876
007 ta
008 20080702b un ||||| |||| 00| 0 ukr d
090 _a011:929:61
_bМ42
942 _cBK
040 _aUA-OsUOA
_bukr
_cUA-OsUOA
_dUA-OsUOA
245 _aМедицина в Україні. Видатні лікарі
_bБіобібліографічний словник
_cВипуск 1
300 _a240 с.
955 _a1
041 _aukr
080 _a011:929:61
260 _aК.
_c1997
246 3 1 _aкінець ХVІІ - перша половина ХІХ століть
650 7 _a01 Бібліографія і бібліографії. Каталоги
_2UDC
999 _c439379
_d439379